000
00303nam a2200121Ia 4500
008
191201s2008 xx 000 0 und d
100
_a
SILBERSCHATZ,Abraham
245
0
_a
Operating Systems Concepts
260
_c
2008
_b
Wiley Dreautech India
_a
N.Delhi
300
_a
951
650
_a
MCA
942
_2
ddc
_c
BB
999
_c
7477
_d
7477